111 श्रेष्ठ हिंदी निबंध / (Record no. 67505)

MARC details
000 -LEADER
fixed length control field 03171nam a22003377a 4500
005 - DATE AND TIME OF LATEST TRANSACTION
control field 20120604164214.0
010 ## - LCCN (DPL NO)
LC control number HIN-96521 B-484323-329
020 ## - INTERNATIONAL STANDARD BOOK NUMBER
International Standard Book Number 8188693480
Terms of availability 300.00
035 ## - SYSTEM CONTROL NUMBER
System control number HN-68867 B-484323-329
037 ## - SOURCE OF ACQUISITION
Source of stock number/acquisition एलाइड पब्लिर्शस
082 ## - DEWEY DECIMAL CLASSIFICATION NUMBER
Classification number 808.84
100 ## - MAIN ENTRY--PERSONAL NAME
Personal name सिंह, वी.के.
245 ## - TITLE STATEMENT
Title 111 श्रेष्ठ हिंदी निबंध /
Statement of responsibility, etc वी.के. सिंह
246 ## - VARYING FORM OF TITLE
Title proper/short title 111 best Hindi Essays
Remainder of title by V.K. Singh
260 ## - PUBLICATION, DISTRIBUTION, ETC. (IMPRINT)
Place of publication, distribution, etc दिल्ली
Name of publisher, distributor, etc मित्तल एंड संस
Date of publication, distribution, etc 2011
270 ## - ADDRESS
Address 80, विजय ब्लॉक, लक्ष्मीनगर,
Postal code 110092
Telephone number 22756734
City दिल्ली
300 ## - PHYSICAL DESCRIPTION
Extent 280 पृ.
Dimensions 22 सेमी.(सजिल्द)
650 ## - SUBJECT ADDED ENTRY--TOPICAL TERM
Topical term or geographic name as entry element हिन्दी निबन्ध
942 ## - ADDED ENTRY ELEMENTS (KOHA)
Source of classification or shelving scheme Dewey Decimal Classification
Item type Hindi Books
Call number suffix सिंहवी
Classification part 808.84
Holdings
Withdrawn status Lost status Not for loan Home library Current library Date acquired Cost, normal purchase price Full call number Cost, replacement price Koha item type Collection code Source of acquisition Barcode Copy number
      Andrews Gunj Andrews Gunj 04/06/2012 300.00 सिंहवी 300.00 Hindi Books        
      Andrews Gunj Andrews Gunj 04/06/2012   सिंहवी   Hindi Books        
      Bawana Bawana 18/10/2012 300.00 808.84 सिंहवी 300.00 Hindi Books Non-fiction एलाइड पब्लिर्शस/664/16.08.12/2/27.07.12/07.09.12 B-484326 1
      Central Library Central Library 18/10/2012 300.00 808.84 सिंहवी 300.00 Hindi Books Non-fiction एलाइड पब्लिर्शस/664/16.08.12/2/27.07.12/07.09.12 B-484323 1
    Not For Loan D.B.Act.Division D.B.Act.Division 28/08/2012 300.00 827 सिंहवी 300.00 Hindi Books Non-fiction DBAD / PUB HN-68867 1
      New Rohtak Road New Rohtak Road 18/10/2012 300.00 808.84 सिंहवी 300.00 Hindi Books Non-fiction एलाइड पब्लिर्शस/664/16.08.12/2/27.07.12/07.09.12 B-484327 1
      Sarojini Nagar Sarojini Nagar 18/10/2012 300.00 808.84 सिंहवी 300.00 Hindi Books Non-fiction एलाइड पब्लिर्शस/664/16.08.12/2/27.07.12/07.09.12 B-484324 1
  Written-off vide DLB M. No. 383 dt 16.05.19   Shahdara Branch Shahdara Branch 18/10/2012 300.00 808.84 सिंहवी 300.00 Hindi Books Non-fiction एलाइड पब्लिर्शस/664/16.08.12/2/27.07.12/07.09.12 B-484328 1
      Vinoba Puri Vinoba Puri 18/10/2012 300.00 808.84 सिंहवी 300.00 Hindi Books Non-fiction एलाइड पब्लिर्शस/664/16.08.12/2/27.07.12/07.09.12 B-484325 1
      Yojana Vihar Yojana Vihar 18/10/2012 300.00 808.84 सिंहवी 300.00 Hindi Books Non-fiction एलाइड पब्लिर्शस/664/16.08.12/2/27.07.12/07.09.12 B-484329 1

© Delhi Public Library
Hit Counter
free hit counter